00643nam a2200205 a 45000010005000000030005000050050017000100080041000270200015000680400026000832450125001092600026002343000011002604900014002714900028002856500045003136500029003587000029003877000021004166014CDMR20131113103128.0130220s2006||||||||||||||||||||||||||||d a8496499421 aCDMRbcatcCPC LLEIDA00aQuè ens expliquen?b: com interpretar la informaciócJosep-Maria Terricabres (coord.) ; Salvador Alsius ... [et al.] aBarcelonabMinac2006 a125 p.0 aViurev100 aFilosofia x a ciutadans04aComunicacióxAspectes ètics i morals04aPeriodismexObjectivitat1 aTerricabras, Josep Maria1 aAlsius, Salvador